Statistics for トヨタのディーラーが10店舗以上の市区町村

Click here to take the quiz!

General Stats

  • This quiz has been taken 97 times
  • The average score is 74 of 95

Answer Stats

店舗数Answer% Correct
41福岡市
96%
129名古屋市
95%
28豊田市
95%
80札幌市
95%
59大阪市
95%
45広島市
93%
39さいたま市
93%
38千葉市
93%
21金沢市
92%
101横浜市
92%
23新潟市
92%
16福井市
92%
41仙台市
92%
16松山市
91%
16富山市
91%
48神戸市
91%
13長崎市
91%
26静岡市
91%
17宮崎市
89%
27鹿児島市
89%
26熊本市
89%
24高松市
89%
16長野市
88%
15水戸市
88%
28岡山市
88%
38京都市
88%
30岐阜市
88%
15津市
87%
18前橋市
86%
17四日市市
86%
17青森市
86%
16山形市
86%
33北九州市
86%
18福島市
86%
18秋田市
86%
15高知市
86%
14奈良市
86%
14大津市
86%
28宇都宮市
86%
20大分市
86%
18相模原市
84%
15和歌山市
84%
19豊橋市
84%
31浜松市
84%
25堺市
84%
16下関市
83%
16盛岡市
83%
10佐賀市
83%
17八王子市
83%
13川口市
80%
22岡崎市
80%
17郡山市
79%
20高崎市
79%
10長岡市
79%
16船橋市
79%
27旭川市
78%
16世田谷区
78%
15山口市
78%
14函館市
78%
13松戸市
76%
19姫路市
76%
13大田区
76%
13江戸川区
76%
20いわき市
76%
18倉敷市
75%
11つくば市
74%
13釧路市
72%
11川越市
72%
17一宮市
71%
17藤沢市
71%
10市川市
71%
17練馬区
70%
19福山市
70%
14足立区
68%
15八戸市
66%
11弘前市
64%
16春日井市
63%
13町田市
63%
12久留米市
62%
11大垣市
62%
11杉並区
62%
12横須賀市
62%
10葛飾区
61%
10富士市
61%
10帯広市
61%
16越谷市
59%
12西宮市
59%
10平塚市
58%
14市原市
53%
11苫小牧市
51%
11土浦市
49%
11太田市
39%
14枚方市
39%
10日立市
37%
12上尾市
22%

Score Distribution

Percentile by Number Answered

Percent of People with Each Score

Your Score History

You have not taken this quiz